000 01200nam0a22003131 4500
001 v19\rc\1503482
005 20260405181545.0
035 _a(NLR Aleph) 004687594
090 _a3891729
_c3891729
100 _a20060620d1893 |||y0rusy50 ca
101 1 _arus
_cfre
102 _aRU
105 _ay z |||a|
200 1 _aСудебная ошибка
_eУбийство в деревне Мортон
_eДрама в 6 д.
_fСоч. Д'Эннери и Кормона
_gПер. Н.А.Шульгиной
205 _a2-е изд.
210 _aМосква
_cлит. Моск. театр. б-ки Е.Н. Рассохиной
_dценз. 1893
215 _a130 с.
_d22
309 _aНаписано от руки. Литогр.
700 1 _8rus
_7ca
_aДеннери
_bА. Ф.
_f1811-1899
_gАдольф Филипп
_3RU\NLR\AUTH\7778401
_961329
701 1 _aКормон
_bЭ.
_f1811-1903
_gЭжен
702 1 _aШульгина
_bН. А.
_gНаталья Александровна
_4730
801 0 _aRU
_bNLR
_gpsbo
801 0 _aRU
_bRuMoRGB
_2psbo
801 1 _aRU
_bProSoft-M
_2rusmarc
852 _aNLR
_j18.268.4.3
899 _aRuMoRGB
_jA 206/443
942 _cBOOK
980 _aNB